Sports Quiz

Random Sports or NBA Quiz

NBA's Best Guards Quiz Stats

 Plays Quiz not verified by Sporcle

Challenge
Share
Tweet
Embed
Score 0/15 Timer 07:00
0 Plays Today
Hint Player Name % Correct
Black MambaKobe Bryant
99.2%
All Time Assist Leader John Stockton
95.4%
Detroit Bad Boys PGIsiah Thomas
92.3%
The Big OOscar Robertson
92.3%
PennyAnfernee Hardaway
92.3%
The LogoJerry West
91.5%
G.O.A.TMichael Jordan
90.8%
PistolPete Maravich
83.1%
Hint Player Name % Correct
White ChocolateJason Williams
82.3%
The GloveGary Payton
79.2%
And the ANSWER is...Allen Iverson
79.2%
Miami Heat Game 6 ShooterRay Allen
77.7%
Hair CanadaSteve Nash
66.9%
ChefStephen Curry
56.2%
ClydeWalt Frazier
56.2%

You're not logged in!

Compare scores with friends on all Sporcle quizzes.
Join for Free
OR
Log In

You Might Also Like...

Show Comments

Extras

Created Jul 26, 2016ReportNominate
Tags:NBA Quiz, guard, player

Top Quizzes Today


Score Distribution

Your Account Isn't Verified!

In order to create a playlist on Sporcle, you need to verify the email address you used during registration. Go to your Sporcle Settings to finish the process.

Report this User

Report this user for behavior that violates our Community Guidelines.

Details: